| 000 | 01035cam a2200313 a 4500 | ||
|---|---|---|---|
| 001 | 13464452 | ||
| 003 | OSt | ||
| 005 | 20140310181707.0 | ||
| 008 | 030710s2001 ph l i000 0 eng | ||
| 010 | _a 2002359323 | ||
| 035 | _a(DLC) 2002359323 | ||
| 037 |
_bLibrary of Congress -- Jakarta Overseas Office _cExch |
||
| 040 |
_aDLC _cDLC _dDLC |
||
| 042 | _alcode | ||
| 043 | _aa-ph--- | ||
| 050 | 0 | 0 |
_aKF 5616 _b.L425 2001 |
| 082 |
_2FIL 346.5990135 _bL41 2002 |
||
| 245 | 0 | 0 | _aLaws & issuances on children / |
| 246 | 3 | _aLaws and issuances on children | |
| 260 |
_a[Manila] : _bCouncil for the Welfare of Children : _bUnited Nations Children's Fund, _c2001. |
||
| 300 |
_a309 p. : _c21 cm. |
||
| 650 | 0 |
_aChildren _xLegal status, laws, etc. _zPhilippines. |
|
| 710 | 2 | _aCouncil for the Welfare of Children (Philippines) | |
| 710 | 2 | _aUNICEF Manila. | |
| 906 |
_a7 _bcbc _corigode _d2 _encip _f20 _gy-gencatlg |
||
| 942 |
_2lcc _cBK |
||
| 999 |
_c1392 _d1392 |
||